Normal view
MARC view
Entry Personal Name
001 - CONTROL NUMBER
- control field: 841681
003 - CONTROL NUMBER IDENTIFIER
- control field: OSt
005 - DATE AND TIME OF LATEST TRANSACTION
- control field: 20250923150041.0
008 - FIXED-LENGTH DATA ELEMENTS
- fixed length control field: 250923|| aca||aabn | a|a d
040 ## - CATALOGING SOURCE
- Original cataloging agency: OSt
- Transcribing agency: OSt
100 ## - HEADING--PERSONAL NAME
- Personal name: Garg, Ajay
670 ## - SOURCE DATA FOUND
- Source citation: Work cat.: (OSt)1458991: Garg, Ajay , The employee's state insurance act 1948, 2000
